000 00944nam a22001937a 4500
005 20241211123207.0
010 _aB-761403
020 _a8188318574
_c300.00
035 _aB-761403
037 _bउपहार
082 _a
100 _aगुप्ता, प्रवीण कुमार
_974963
245 _aपर्यावरण की शिक्षाप्रद कहानियाँ /
_cप्रवीण कुमार गुप्ता
260 _aनई दिल्ली
_bसनशाइन बुक्स
_c2023
270 _a4760-61,द्वितीय तल, 23 अंसारी रोड़, दरियागंज,
_bनई दिल्ली
_e110002
300 _a64पृ.
_c22सेमी.(सजिल्द)
_bसचित्र
942 _2ddc
_cCH
_h
_mगुप्ताप्र
999 _c207571
_d207571